<?xml version="1.0" encoding="UTF-8"?>
<record
    xmlns:xsi="http://www.w3.org/2001/XMLSchema-instance"
    xsi:schemaLocation="http://www.loc.gov/MARC21/slim http://www.loc.gov/standards/marcxml/schema/MARC21slim.xsd"
    xmlns="http://www.loc.gov/MARC21/slim">

  <leader>00458nam a2200169Ia 4500</leader>
  <controlfield tag="008">230718s9999    xx            000 0 und d</controlfield>
  <datafield tag="020" ind1=" " ind2=" ">
    <subfield code="a">9788184892376</subfield>
  </datafield>
  <datafield tag="041" ind1=" " ind2=" ">
    <subfield code="a">eng</subfield>
  </datafield>
  <datafield tag="082" ind1=" " ind2=" ">
    <subfield code="a">005.8</subfield>
    <subfield code="b">XIA</subfield>
  </datafield>
  <datafield tag="100" ind1=" " ind2=" ">
    <subfield code="a">Xiao Y.</subfield>
    <subfield code="9">192477</subfield>
  </datafield>
  <datafield tag="245" ind1=" " ind2=" ">
    <subfield code="a">Wireless Network Security</subfield>
  </datafield>
  <datafield tag="260" ind1=" " ind2=" ">
    <subfield code="c">2009</subfield>
    <subfield code="b">Springer</subfield>
  </datafield>
  <datafield tag="300" ind1=" " ind2=" ">
    <subfield code="a">422</subfield>
  </datafield>
  <datafield tag="365" ind1=" " ind2=" ">
    <subfield code="c">Rs.</subfield>
    <subfield code="b">999.00</subfield>
  </datafield>
  <datafield tag="700" ind1=" " ind2=" ">
    <subfield code="a">Xiao Y.; Shen X. &amp; Du D.-Z.</subfield>
    <subfield code="9">199231</subfield>
  </datafield>
  <datafield tag="906" ind1=" " ind2=" ">
    <subfield code="d">O:0521329-Jul-2016B:IN 45429-Jul-2016</subfield>
    <subfield code="c">IT</subfield>
    <subfield code="b">249.75</subfield>
  </datafield>
  <datafield tag="999" ind1=" " ind2=" ">
    <subfield code="c">342471</subfield>
    <subfield code="d">342471</subfield>
  </datafield>
  <datafield tag="952" ind1=" " ind2=" ">
    <subfield code="0">0</subfield>
    <subfield code="1">0</subfield>
    <subfield code="4">0</subfield>
    <subfield code="7">0</subfield>
    <subfield code="a">CCEP</subfield>
    <subfield code="b">CCEP</subfield>
    <subfield code="d">2016-07-29</subfield>
    <subfield code="e">Pradeep Book Distributors</subfield>
    <subfield code="f">IT</subfield>
    <subfield code="g">749.25</subfield>
    <subfield code="i">IN 454</subfield>
    <subfield code="l">0</subfield>
    <subfield code="o">005.8</subfield>
    <subfield code="p">CCEP-BK-53678</subfield>
    <subfield code="r">2023-07-18 00:00:00</subfield>
    <subfield code="t">249.75</subfield>
    <subfield code="v">999.00</subfield>
    <subfield code="w">2016-07-29</subfield>
    <subfield code="y">BK</subfield>
    <subfield code="z">053678</subfield>
  </datafield>
</record>
